000 00744nam a2200253Ia 4500
003 OSt
005 20220928121435.0
006 a|||||r|||| 00| 0
007 ta
008 220927b |||||||| |||| 00| 0 hin d
020 _c595
024 _a120043
037 _b66, 18/10/2013, Vidyanidhi Prakashan
_cTextual
040 _aSDCL
_cSDCL
_bhin
041 _2hin
_ahin
082 _a015,6N84, Q3
100 _aSuvedi Narayan Dutt
_9452363
245 0 _aAbhirajyasubhushansamekshanm
260 _aDelhi
_bPratibha Prakashan
_c2013
300 _axiii,100p
_ccm.
650 _aSanskrit
_9391587
942 _h015,6N84, Q3
_cTEXL
_2CC
999 _c766315
_d766315